000 00282nam a22001337a 4500
008 170929b xxu||||| |||| 00| 0 eng d
020 _a9780312133085
041 _aeng
080 _26TH
_a37
100 _a47
101 _aEDU
245 _aLANGUAGE
_cCLARK,V.P
942 _2udc
_cBK
999 _c30800
_d30800